Multivariate statistical methods: A Primer
Shranjeno v:
| Glavni avtor: | |
|---|---|
| Format: | Knjiga |
| Jezik: | Undetermined |
| Izdano: |
United States
Chapman & Hall/CRC
2005
|
| Teme: | |
| Oznake: |
Označite
Brez oznak, prvi označite!
|
| Thư viện lưu trữ: | Trung tâm Học liệu Trường Đại học Cần Thơ |
|---|
| LEADER | 00548nam a2200205Ia 4500 | ||
|---|---|---|---|
| 001 | CTU_88437 | ||
| 008 | 210402s9999 xx 000 0 und d | ||
| 020 | |c 899000 | ||
| 082 | |a 519.535 | ||
| 082 | |b M279 | ||
| 100 | |a Manly, Bryan F. J. | ||
| 245 | 0 | |a Multivariate statistical methods: | |
| 245 | 2 | |b A Primer | |
| 245 | 0 | |c Bryan F. J. Manly | |
| 260 | |a United States | ||
| 260 | |b Chapman & Hall/CRC | ||
| 260 | |c 2005 | ||
| 650 | |a Multivariate analysis | ||
| 904 | |i Giang,Hải | ||
| 980 | |a Trung tâm Học liệu Trường Đại học Cần Thơ | ||